Devine le rappeur 1 - Statistiques

Statistiques générales
  • Ce quiz a été pris 150 fois
  • Le résultat moyen est 6 sur 15
Statistiques - réponses
Hint Réponse % Correct
Petete Gambi
76%
Beuh d’Hollande Jul
66%
1994 Hamza
59%
Roro Ninho
58%
Yakalelo SDM
58%
Œveillé Damso
57%
Fum22 nocive Green Montana
46%
Señorita Josman
42%
Hola PLK
41%
Toi sur moi Mz
30%
Zandvoort palace Bb Jacques
18%
Avenue Laylow
16%
Kodak white Népal
16%
Oh my gad Arma Jackson
8%
Tout l’été Guy2bezbar
8%
Aucun quiz correspondant
Distribution des résultats
% des personnes avec chaque résultat
Percentile par nombre de réponses
Votre historique - résultats
Vous n’avez pas pris ce quiz